Las negociaciones ente la UE y Centroamérica: implicaciones para el diálogo político
Tallennettuna:
| Aineistotyyppi: | Teksti |
|---|---|
| Aiheet: | |
| Tagit: |
Lisää tagi
Ei tageja, Lisää ensimmäinen tagi!
|
MARC
| LEADER | 00000 a a2200000 04500 | ||
|---|---|---|---|
| 001 | 6888 | ||
| 003 | |||
| 040 | |||
| 245 | |a Las negociaciones ente la UE y Centroamérica: implicaciones para el diálogo político | ||
| 650 | |a POLITICA | ||
| 650 | |a INTEGRACION SOCIAL | ||
| 650 | |a COMERCIO | ||
| 650 | |a ECONOMIA | ||
| 650 | |a UNION EUROPEA | ||
| 650 | |a CENTROAMERICA | ||
| 773 | |g volumen 28, número 1263; páginas 4-6 | ||
| 999 | |c 35184 |d 35184 | ||
